Museo de Cáceres (Registro nro. 13722)

Detalles MARC
000 -LEADER
campo de control de longitud fija 01048nam a2200277 i 4500
001 - NÚMERO DE CONTROL
campo de control 13722
003 - IDENTIFICADOR DE NÚMERO DE CONTROL
campo de control ES-MaACL
005 - FECHA Y HORA DE LA ÚLTIMA TRANSACCIÓN
campo de control 20250903090550.0
007 - CAMPO FIJO DE DESCRIPCIÓN FÍSICA--INFORMACIÓN GENERAL
campo de control de longitud fija t|
008 - DATOS DE LONGITUD FIJA--INFORMACIÓN GENERAL
campo de control de longitud fija 980610s1976 sp ||||1| spa d
020 ## - NÚMERO INTERNACIONAL ESTÁNDAR DEL LIBRO
Número Internacional Estándar del Libro 84-369-0098-7
080 ## - NÚMERO DE LA CLASIFICACIÓN DECIMAL UNIVERSAL
Número de la Clasificación Decimal Universal 39:069.538.7(462.21C.)
080 ## - NÚMERO DE LA CLASIFICACIÓN DECIMAL UNIVERSAL
Número de la Clasificación Decimal Universal 069.538.7(462.21 C.)
110 2# - ENTRADA PRINCIPAL--NOMBRE DE ENTIDAD CORPORATIVA
Nombre de entidad corporativa o nombre de jurisdicción como elemento de entrada Museo de Cáceres.
9 (RLIN) 5849
245 10 - MENCIÓN DEL TÍTULO
Título Museo de Cáceres
Resto del título : sección de etnografía /
Mención de responsabilidad, etc. [Redactado por María Angeles González Mena].
260 ## - PUBLICACIÓN, DISTRIBUCIÓN, ETC.
Lugar de publicación, distribución, etc. Madrid :
Nombre del editor, distribuidor, etc. Ministerio de Educación y Ciencia, Servicio de Publicaciones,
Fecha de publicación, distribución, etc. [1976]
300 ## - DESCRIPCIÓN FÍSICA
Extensión 394 p. :
Otras características físicas il. ;
Dimensiones 24 cm.
490 1# - MENCIÓN DE SERIE
Mención de serie Museos de España. Catálogos ;
Designación de volumen o secuencia 4
610 27 - PUNTO DE ACCESO ADICIONAL DE MATERIA--NOMBRE DE ENTIDAD CORPORATIVA
Nombre de entidad corporativa o nombre de jurisdicción como elemento de entrada Museo de Cáceres.
Unidad subordinada Sección de Etnografía-
Subdivisión general Catálogos.
9 (RLIN) 5850
651 #4 - PUNTO DE ACCESO ADICIONAL DE MATERIA--NOMBRE GEOGRÁFICO
Nombre geográfico Cáceres-
Subdivisión general Usos y costumbres.
9 (RLIN) 7912
700 1# - ENTRADA AGREGADA--NOMBRE PERSONAL
Nombre de persona González Mena, María Angeles.
9 (RLIN) 58803
710 1# - ENTRADA AGREGADA--NOMBRE DE ENTIDAD CORPORATIVA
Nombre de entidad corporativa o nombre de jurisdicción como elemento de entrada España.
Unidad subordinada Ministerio de Educación y Ciencia.
9 (RLIN) 3864
830 00 - PUNTO DE ACCESO ADICIONAL DE SERIE-TÍTULO UNIFORME
Título uniforme Museos de España.
Nombre de parte o sección de la obra Catálogos
Designación de volumen o secuencia 4
9 (RLIN) 228453
852 ## - LOCALIZACIÓN
Ubicación ES-MaACL
Número de control de estantería L-21048
Sublocalización o colección R.123470
Existencias
Estatus retirado Estado de pérdida Estado de daño No para préstamo Biblioteca de origen Biblioteca actual Ubicación en estantería Fecha de adquisición Fuente de adquisición Total de préstamos Signatura topográfica completa Código de barras Visto por última vez Precio de reemplazo Tipo de ítem Koha
        Biblioteca del Ateneo de Madrid Biblioteca del Ateneo de Madrid Depósito 2 17/01/2008     L-21048 1013966 23/02/2023 23/02/2023 Libro impreso